The works of Laurence Sterne; : in four volumes: : containing The life and opinions of Tristam Shandy, gent.; A sentimental journey through France and Italy; Sermons, --letters, &c. : with A life of the author written by himself.

Bibliographic Details
Main Author: Sterne, Laurence, 1713-1768
Corporate Authors: Luke Hansard and Sons (Printer), Strahan and Preston (Printer)
Other Authors: Neagle, James, 1760?-1822 (Engraver), Reynolds, Joshua, Sir, 1723-1792 (Illustrator), Stothard, Thomas, 1755-1834 (Illustrator)
Format: Book
Language:English
Published: London: : Printed for J. Johnson; T. Becket; R. Baldwin; [and 19 others], 1808.
Subjects:

MARC

Tag First Indicator Second Indicator Subfields
LEADER 00000cam a2200000 i 4500
001 in00004795021
008 740327s1808 enkacgj b 000 mdeng d
005 20240705200207.9
035 |a (OCoLC)ocm00843601 
040 |a YNG  |b eng  |e dcrmb  |e rda  |c YNG  |d OCL  |d OCLCQ  |d OCLCG  |d KRTAS  |d OCLCQ  |d EUX  |d OCLCO  |d AKR  |d OCLCQ  |d OCLCF  |d DGU  |d OCLCO  |d OCLCL  |d OCLCQ  |d OCLCL  |d TXA 
019 |a 264952419  |a 976003812 
035 |a (OCoLC)843601  |z (OCoLC)264952419  |z (OCoLC)976003812 
043 |a e-uk-en 
050 0 4 |a PR3710  |b E08 
082 4 |a 823.6  |b S83.7 
090 |a PR3710  |b E08 1808 
100 1 |a Sterne, Laurence,  |d 1713-1768.  |1 https://id.oclc.org/worldcat/entity/E39PBJhxtpwRhhD7WT4Qgd9kXd 
240 1 0 |a Works.  |f 1808 
245 1 4 |a The works of Laurence Sterne; :  |b in four volumes: : containing The life and opinions of Tristam Shandy, gent.; A sentimental journey through France and Italy; Sermons, --letters, &c. : with A life of the author written by himself. 
246 1 8 |a Sterne's works 
264 1 |a London: :  |b Printed for J. Johnson; T. Becket; R. Baldwin; [and 19 others],  |c 1808. 
264 3 |a [London] :  |b Printed by Luke Hansard & Sons, near Lincoln's-Inn Fields,  |c [1808] 
300 |a 4 volumes :  |b illustrations, genealogical table, music, portraits ;  |c 22 cm 
336 |a text  |b txt  |2 rdacontent 
337 |a unmediated  |b n  |2 rdamedia 
338 |a volume  |b nc  |2 rdacarrier 
340 |m 8vo  |2 rdabf 
500 |a The Cushing Library/Rare Books copy was acquired as part of the Lois Goddard Morrison Collection of Eighteenth Century Literature.  |5 TXA 
500 |a Printer's statement from colophon. 
500 |a Volumes 3 and 4 have printer's statement: Strahan and Preston, Printer's-Street London. 
500 |a Engraved frontispiece portrait(v.1) of Laurence Sterne signed: "Sir I. Reynolds pinxit" and "I. Neagle sculp.t." 
500 |a Plates by T. Stothard and many engraved vignettes. 
504 |a Includes bibliographical references. 
500 |a Volume 1 includes Memoirs of the life and family of the late Rev. Mr. Lauernce Sterne written by himself. 
505 0 |a Volume I. Tristram Shandy, vol. I to V -- Volume II. Tristram Shandy, vol. VI. to IX ; Sentimental journey -- III. Sermons: I to XXXII -- IV. Sermons: XXXIII to XLV ; Letters, &c. 
650 0 |a English literature  |y 18th century. 
650 0 |a Sermons, English. 
650 6 |a Littérature anglaise. 
650 7 |a English literature.  |2 fast  |0 (OCoLC)fst00911989 
655 7 |a Novels.  |2 lcgft 
655 7 |a Sermons.  |2 lcgft 
655 7 |a Personal correspondence.  |2 lcgft 
655 7 |a Autobiographies.  |2 lcgft 
655 7 |a Engravings.  |2 lcgft 
700 1 |a Neagle, James,  |d 1760?-1822,  |e engraver.  |1 https://id.oclc.org/worldcat/entity/E39PBJgRTp3q9jgbjfdQfjVjYP 
700 1 |a Reynolds, Joshua,  |c Sir,  |d 1723-1792,  |e illustrator.  |1 https://id.oclc.org/worldcat/entity/E39PBJqVWc6hQWjmVjB38hvvHC 
700 1 |a Stothard, Thomas,  |d 1755-1834,  |e illustrator.  |1 https://id.oclc.org/worldcat/entity/E39PBJmTmcxkcQXTd4fQwcV9jC 
700 1 |a Johnson, J.  |q (John),  |d 1777-1848,  |e bookseller.  |1 https://id.oclc.org/worldcat/entity/E39PBJp9vdGVX7J7K3Fgp6cgKd 
700 1 |a Becket, Thomas,  |e bookseller. 
700 1 |a Baldwin, R.  |q (Robert),  |d 1737-1810,  |e bookseller.  |1 https://id.oclc.org/worldcat/entity/E39PCjrXDjRDF6FqYxwJ3jm7d3 
710 2 |a Luke Hansard and Sons,  |e printer. 
710 2 |a Strahan and Preston,  |e printer. 
752 |a England  |d London. 
758 |i has work:  |a 1808 Works (Text)  |1 https://id.oclc.org/worldcat/entity/E39PCH7tvHPBvxk9xq4fvjcMKb  |4 https://id.oclc.org/worldcat/ontology/hasWork 
776 0 8 |i Online version:  |a Sterne, Laurence, 1713-1768.  |t Works of Laurence Sterne.  |d London, printed for J. Johnson [etc.] 1808  |w (OCoLC)657001606 
938 |a Kirtas Technologies, Inc.  |b KRTS  |n 567673 
029 1 |a CHVBK  |b 151442398 
029 1 |a CHBIS  |b 003536918 
994 |a Z0  |b TXA 
948 |h HELD BY TXA - 32 OTHER HOLDINGS 
999 f f |s 6f0bdfe0-382d-43c9-b6a7-d58d9877e7c2  |i 4cf22c30-993e-44eb-a690-c40fae240356  |t 0 
952 f f |p noncirc  |a Texas A&M University  |b College Station  |c Cushing Memorial Library & Archives  |d Cushing: Rare Books (Does not check out)  |t 0  |e  PR3710 E08 1808  |h Library of Congress classification  |i unmediated -- volume  |k v.1  |m A14853147628 
952 f f |p noncirc  |a Texas A&M University  |b College Station  |c Cushing Memorial Library & Archives  |d Cushing: Rare Books (Does not check out)  |t 0  |e  PR3710 E08 1808  |h Library of Congress classification  |i unmediated -- volume  |k v.2  |m A14853147639 
952 f f |p noncirc  |a Texas A&M University  |b College Station  |c Cushing Memorial Library & Archives  |d Cushing: Rare Books (Does not check out)  |t 0  |e  PR3710 E08 1808  |h Library of Congress classification  |i unmediated -- volume  |k v.3  |m A1485314764A 
952 f f |p noncirc  |a Texas A&M University  |b College Station  |c Cushing Memorial Library & Archives  |d Cushing: Rare Books (Does not check out)  |t 0  |e  PR3710 E08 1808  |h Library of Congress classification  |i unmediated -- volume  |k v.4  |m A1485314765B 
998 f f |a  PR3710 E08 1808  |s v.1-v.4  |t 0  |l Cushing: Rare Books (Does not check out)